000 00568pab a2200193 454500
008 180718b2001 xxu||||| |||| 00| 0 eng d
100 _aSingh, R.S.
245 _aEnergy efficiency for wheat production under irrigated condition in Madhya Pradesh
260 _c2001
300 _ap.236-44
362 _aAug
650 _aWheat - India - Madhya Pradesh
650 _aAgricultural products - India - Madhya Pradesh
650 _aAgricultural products
700 _aChandra, Kukum
700 _aDe, Dipankar
773 _aAsian Economic Review
909 _a50740
999 _c50740
_d50740